000 00903nam a22002537a 4500
005 20170123164142.0
010 _aB-210267
020 _c160.00
_a8182990815
035 _aB-210267
037 _bCen Lib / Ret
040 _aDPL
_bPN
082 _a
_bਸੇਖੋਂਲਾ
100 _aਸੇਖੋਂ ਲਧਿੰਵੀ
_9117998
245 _aਕੁੱਖ /
_cਸੇਖੋਂ ਲਧਿੰਵੀ
246 _aKukkh /
_bby Sekhon Ludhianvi
260 _aਦਿੱਲੀ
_bਆਰਸੀ ਪਬਲਿਸ਼ਰਜ਼
_c2006
270 _a0-33A, 1st floor Mahavir Nagar
_bNew Delhi
_e110018
300 _a144p.
_c21cm(Hb)
650 _aਪੰਜਾਬੀ ਸਾਹਿਤ
_9117999
650 _aਪੰਜਾਬੀ ਸਾਹਿਤ- ਨਾਵਲ
_9118000
650 _aPunjabi Literature
_9781
650 _aPunjabi Literature-Novel
_91580
942 _2ddc
_cPN
_h
_mਸੇਖੋਂਲਾ
999 _c109754
_d109754